What should we do? Public attitudes about how local government officials should confront fiscal stress (Record no. 104883)

000 -LEADER
fixed length control field 00503pab a2200181 454500
008 - FIXED-LENGTH DATA ELEMENTS--GENERAL INFORMATION
fixed length control field 180718b2014 xxu||||| |||| 00| 0 eng d
100 ## - MAIN ENTRY--PERSONAL NAME
Personal name Elling, Richard
245 ## - TITLE STATEMENT
Title What should we do? Public attitudes about how local government officials should confront fiscal stress
260 ## - PUBLICATION, DISTRIBUTION, ETC.
Date of publication, distribution, etc. 2014
300 ## - PHYSICAL DESCRIPTION
Extent p.380-402.
362 ## - DATES OF PUBLICATION AND/OR SEQUENTIAL DESIGNATION
Dates of publication and/or sequential designation Jun
650 ## - SUBJECT ADDED ENTRY--TOPICAL TERM
Topical term or geographic name entry element Local government
700 ## - ADDED ENTRY--PERSONAL NAME
Personal name Carr, Jered
700 ## - ADDED ENTRY--PERSONAL NAME
Personal name Krawczyk, Kelly
773 ## - HOST ITEM ENTRY
Main entry heading Local Government Studies
908 ## - PUT COMMAND PARAMETER (RLIN)
Put command parameter N
909 ## -
-- 104888
Holdings
Withdrawn status Lost status Damaged status Not for loan Permanent Location Current Location Date acquired Serial Enumeration / chronology Barcode Date last seen Price effective from Koha item type
        Indian Institute of Public Administration Indian Institute of Public Administration 2018-07-19 Volume no: 40, Issue no: 3 AR105348 2018-07-19 2018-07-19 Articles

Powered by Koha